Fragmentos de un discurso amoroso

Wedi'i Gadw mewn:
Manylion Llyfryddiaeth
Prif Awdur: Barthes, Roland
Fformat: Llyfr
Iaith:Undetermined
Cyhoeddwyd: México, Distrito Federal Siglo veintiuno editores 1986
Rhifyn:5
Pynciau:
Tagiau: Ychwanegu Tag
Dim Tagiau, Byddwch y cyntaf i dagio'r cofnod hwn!

MARC

LEADER 00000nam a2200000Ia 4500
008 170316s9999 xx 000 0 und d
090 |a 801 B-7f 
100 |a Barthes, Roland 
245 |a Fragmentos de un discurso amoroso 
250 |a 5 
260 |a México, Distrito Federal 
260 |b Siglo veintiuno editores 
260 |c 1986 
300 |a 254 páginas 
650 |a TEORÍA LITERARIA 
650 |a FRAGMENTOS 
650 |a DISCURSO - AMOROSO 
999 |c 20128  |d 20128 
040 |a cru BVZT 
942 |c 15 D  |h 801 B-7f  |2 z